000 00459nam a2200157Ia 4500
008 151021s9999 xx 000 0 und d
020 _a761970762
050 _aBF 408 .N67 2004
245 _a_Creativity, Communication and Cultureal Value Negus Keith
260 _aLondon Sage 2004
300 _ax,177p,;ill
500 _aIncludes index and bibliography
650 _a_Creation
700 _a_Michael Pickering
980 _a^d20120113 02:22:33^oanne
999 _c8464
_d8464